01528nam a2200421 i 450000100060000000300080000600500170001400600190003100700150005000800410006502000280010603500220013404000310015605000290018708000210021608200160023710000170025324500700027026400430034030000580038333600310044133700330047233800430050549000210054850400290056958800830059859001620068165000290084365000280087265000170090065000120091765000300092965500270095979700180098683000220100485600630102699900170108933531FINmELB20241216220829.0m o d | cr cnu||||||||171027s2013 sp a ob 000 0 spa d a9788436829211q(e-book) a(OCoLC)1145101324 aFINmELBbspaerdacFINmELB 4aHF5549.5.D55bT2897 2013 a331.106.44:159.90 a658.3132231 aTena, Pilar.10aCómo sobrevivir a un despido y volver a trabajar /cPilar Tena. 1aMadrid :bEdiciones Pirámide,c2013. a1 recurso en línea (327 páginas) :bilustraciones atextobtxt2rdacontent/spa acomputadorabc2rdamedia/spa arecurso en líneabcr2rdacarrier/spa1 aLibro práctico aContiene bibliografía. aDescripción basada en metadatos suministrados por el editor y otras fuentes. aRecurso electrónico. Santa Fe, Arg.: elibro, 2020. Disponible vía World Wide Web. El acceso puede estar limitado para las bibliotecas afiliadas a elibro. 0aEmployeesxDismissal of. 0aPsychology, Industrial. 0aJob hunting. 4aEmpleo. 4aPsicología ocupacional. 4aLibros electrónicos.2 aelibro, Corp. 0aLibro práctico.40uhttps://elibro.net/ereader/politecnicointernacional/114703 c33531d33531